|
|
|
|
| LEADER |
00845ncm a22002292a 4500 |
| 001 |
001268857 |
| 003 |
CZ BrMZK |
| 005 |
20150423134450.0 |
| 007 |
qu |
| 008 |
121203s1880 xr |||||||||||||||||zxx d |
| 040 |
|
|
|a BOA001
|b cze
|
| 072 |
|
7 |
|a 786
|x Hudba pro klávesové nástroje
|2 Konspekt
|9 9
|
| 100 |
1 |
|
|a Blodek, Vilém,
|d 1834-1874
|7 jn19990009802
|4 cmp
|
| 245 |
1 |
0 |
|a Směs ze zpěvohry "V studni"
|h [hudebnina] /
|c od V. Blodka ; upravil Jindřich z Káanů
|
| 260 |
|
|
|a V Praze :
|b Em. Starý,
|c [1880?]
|
| 300 |
|
|
|a 15 s.
|
| 510 |
4 |
|
|a [Winiker,C.: Haupt-Katalog der Musikalien-Leih-Anstalt,
|c 49138]
|
| 700 |
1 |
|
|a Káan z Albestů, Jindřich,
|d 1852-1926
|7 jk01052299
|4 arr
|
| 910 |
|
|
|a BOA001
|b Mus4-0219.439
|
| 990 |
|
|
|a MU
|
| 991 |
|
|
|b 201212
|
| 996 |
6 |
|
|b 2619493959
|c Mus4-0219.439
|l MZK
|r Sklad / do 1 hodiny
|n 0
|p W
|w 001302967
|u 000010
|a 1
|e BOA001
|j MZK50
|s P
|